Un quiz sur rien - Statistiques

Statistiques générales
  • Ce quiz a été pris 2 992 fois
  • Le résultat moyen est 8 sur 18
Statistiques - réponses
Indice Réponse % Correct
Nombre exprimant une quantité nulle Zéro
98%
Chanteuse qui ne regretta rien, non, rien de rien Edith Piaf
89%
"rien" en anglais Nothing
88%
Et "rien" en espagnol Nada
84%
Espace qui n'est pas occupé par de la matière Vide
77%
Zone peu habitée où (presque) rien ne pousse Désert
52%
Chimiste à qui l'on attribue à tort la citation :"Rien ne se perd, rien ne se crée, tout se transforme" Antoine Lavoisier
48%
Au scrabble, lettre sans rien d'écrit dessus Joker
45%
Au casino, expression signifiant que la période de mises est terminée Rien {ne} {va} {plus}.
45%
Philosophe grec selon qui la réponse précédente est physiquement impossible Aristote
37%
Tube des années 80, chanté par Peter et Sloane {Besoin} de rien,{envie} {de} {toi}
34%
Doctrine selon laquelle rien n'existe au sens absolu {Nihil}isme
28%
Roman de Erich Maria Remarque décrivant la Première Guerre mondialevue par un jeune soldat allemand {À} {l'Ouest}, rien de {nouveau}
24%
Entité de la mythologie grecque personnifiant le néant qui vient avanttoutes choses Chaos
18%
Pays dans lequel ce dernier est apparu pour la première fois En Inde
18%
Douzième opus de la série des films de James Bond Rien que {pour} {vos} {yeux}
17%
Personne sans aucune valeur morale Vaurien / Moins que rien
15%
Dramaturge français qui signa en 1836 la pièce "Il ne faut jurer de rien" Alfred de Musset
5%
Aucun quiz correspondant
Distribution des résultats
% des personnes avec chaque résultat
Percentile par nombre de réponses
Votre historique - résultats
Vous n’avez pas pris ce quiz